UBT Library

Violence in America : (Record no. 43617)

000 -LEADER
fixed length control field 01223cam a22002894a 4500
001 - CONTROL NUMBER
control field 11804942
005 - DATE AND TIME OF LATEST TRANSACTION
control field 20180227080711.0
008 - FIXED-LENGTH DATA ELEMENTS--GENERAL INFORMATION
fixed length control field 991007s1999 nyua be 001 0 eng
010 ## - LIBRARY OF CONGRESS CONTROL NUMBER
LC control number 99052027
020 ## - INTERNATIONAL STANDARD BOOK NUMBER
International Standard Book Number 0684804875 (set : alk. paper)
020 ## - INTERNATIONAL STANDARD BOOK NUMBER
International Standard Book Number 0684804883 (v. 1 : alk. paper)
020 ## - INTERNATIONAL STANDARD BOOK NUMBER
International Standard Book Number 0684804891 (v. 2 : alk. paper)
020 ## - INTERNATIONAL STANDARD BOOK NUMBER
International Standard Book Number 0684804905 (v. 3 : alk. paper)
040 ## - CATALOGING SOURCE
Original cataloging agency DLC
Transcribing agency DLC
Modifying agency DLC
041 ## - LANGUAGE CODE
Language code of text/sound track or separate title eng
042 ## - AUTHENTICATION CODE
Authentication code pcc
080 ## - UNIVERSAL DECIMAL CLASSIFICATION NUMBER
Universal Decimal Classification number 303.6097303 RIC
082 00 - DEWEY DECIMAL CLASSIFICATION NUMBER
Classification number 303.6097303 RIC
Edition number 21
100 ## - Rafti
Rafti 23
101 ## - Shkurtesa
Shkurtesa POL
245 00 - TITLE STATEMENT
Title Violence in America :
Statement of responsibility, etc Ronald Gottesman, editor in chief ; Richard Maxwell Brown, consulting editor.
504 ## - BIBLIOGRAPHY, ETC. NOTE
Bibliography, etc Includes bibliographical references and index.
906 ## - LOCAL DATA ELEMENT F, LDF (RLIN)
a 7
b cbc
c orignew
d 1
e ocip
f 19
g y-gencatlg
942 ## - ADDED ENTRY ELEMENTS (KOHA)
Source of classification or shelving scheme
Item type Books
Holdings
Withdrawn status Lost status Source of classification or shelving scheme Damaged status Not for loan Collection code Permanent location Current location Shelving location Date acquired Total Checkouts Full call number Barcode Date last seen Price effective from Koha item type
          Koleksioni i përgjithshem UBT - Lipjan UBT - Lipjan Koleksioni i përgjithshem 02/27/2018   303.6097303 RIC 002-3000052 02/27/2018 02/27/2018 Books
UBT Library © 2015-2024. All rights reserved University Education for Business and Technology